Personnage mystère #17 - Statistiques

Statistiques générales
  • Ce quiz a été pris 275 fois
  • Le résultat moyen est 5 sur 7
Statistiques - réponses
Lettres Indices % Correct
GELEB Belge
98%
XOF - RIRETRE Fox-terrier
83%
GAYOVERU Voyageur
74%
TENAREVURI Aventurier
73%
PERTORE Reporter
67%
POTHEUTE Houpette
66%
Nom du personnage Tintin
66%
Aucun quiz correspondant
Distribution des résultats
% des personnes avec chaque résultat
Percentile par nombre de réponses
Votre historique - résultats
Vous n’avez pas pris ce quiz